| 000 | 00391nam a2200133Ia 4500 | ||
|---|---|---|---|
| 001 | 2986 | ||
| 008 | 241024s9999 xx 000 0 und d | ||
| 082 | _aRD/374/R426j/2013 | ||
| 100 | _aRepública Dominicana, Junta Nacional de Alfabetización, Equipo Técnico Nacional | ||
| 245 | 0 | _aInforme de Avance | |
| 260 |
_bSanto Domingo, 2013 _c2013 |
||
| 901 | _a9/7/2013 2:30:52 p.m. | ||
| 999 |
_c8445 _d8445 |
||